000 02291nam a2200277Ia 4500
003 OSt
005 20210812121631.0
008 210310s2011 ck fr 001 0dspa d
020 _a9789583508165
040 _aCO-JMCR
_cCO-JMCR
041 0 _aspa
082 0 4 _a332.632 /
_bR389d
_223
100 1 _aRemolina Angarita, Nelson,
_916921
_eautor
245 1 0 _aDe los títulos-valores y de los valores en el contexto digital /
_cNelson Remolina Angarita, Lisandro Peña Nossa
260 _aBogotá :
_bUniversidad de los Andes : Editorial Temis,
_c2011
300 _axxiii, 383 páginas ;
_c23 cm.
500 _aIncluye índice de materias, datos biográficos de los autores y notas a pie de página.
504 _aBibliografía: páginas 359-368
505 0 _aImportancia, armonización y sistemas cambiarios -- Anotaciones históricas sobre títulos valores -- Concepto y características de los títulos-valores -- Principios rectores de los títulos valores -- Elementos genéricos del título-valor -- Fuente de la obligación cambiaria -- Clasificación de los títulos valores -- El endoso -- El aval como garantía típica cambiaria -- Pago con títulos valores -- Valores y mercado de valores -- Desmaterialización e inmaterialización de los títulos valores y de los valores
520 3 _aEl aporte más significativo de esta obra consiste en realizar un análisis de los temas cardinales de los títulos valores y de los valores desde el prisma de los medios electrónicos. Retoma la reformulación de la teoría clásica de los títulos valores y propone recomendaciones para la futura regulación sobre esta cuestión en el contexto digital. Es una obra completa, bien documentada y muy interesante por la actualidad que le imprime al tema". [...] "Va desde los antecedentes hasta las proyecciones futuras con las nuevas tendencias del derecho cambiario". "A pesar de lo mucho que se ha escrito sobre el tema, ésta es una de las más completas, mejor documentadas y de mayor actualización". Gustavo Cuberos Gómez. Profesor de títulos valores.
650 1 4 _aTítulos valores
_916923
_xLegislación
650 2 4 _aTítulos valores
_xClasificación
_939338
650 2 4 _aDerecho informático
_939339
700 1 _aPeña Nossa, Lisandro,
_eautor
_922536
942 _2ddc
_cBK
999 _c8315
_d8315